Obstetricia / (Registro nro. 3317)
[ vista simple ]
| 000 -LEADER | |
|---|---|
| fixed length control field | 01297nam a2200361 a 4500 |
| 005 - FECHA ULTIMA MODIFICACION | |
| control field | 20260219111314.0 |
| 008 - CAMPO DE CONTROL (LIBRO) | |
| fixed length control field | 100618s2016 ag a f |||| 001 0 spa d |
| 020 ## - INTERNATIONAL STANDARD BOOK NUMBER | |
| ISBN | 9789500298834 |
| 041 ## - CODIGO DE IDIOMA | |
| Código de idioma del texto/pista de sonido o título separado | spa |
| 092 ## - SIGNATURA TOPOGRAFICA DEWEY LOCAL | |
| número de clasificación | 618 |
| libristica | 77 |
| sección | SCH |
| 100 1# - ENTRADA PRINCIPAL--NOMBRE PERSONAL | |
| Nombre personal | Schwarcz, Ricardo |
| 9 (RLIN) | 2911 |
| 245 ## - TITULO PROPIAMENTE DICHO | |
| Título | Obstetricia / |
| Mención de responsabilidad y remanente de la transcripción de la portada | Ricardo Schwarcz |
| 250 ## - MENCION DE EDICION | |
| Mención de edición | 7a ed. |
| 260 ## - PIE DE IMPRENTA | |
| Lugar de publicación, distribución, etc | Buenos Aires: |
| Nombre de la editorial, distribuidor, etc | El Ateneo; |
| Fecha de publicación | 2016. |
| 300 ## - DESCRIPCION FISICA | |
| Extension | 784 p. |
| Dimensiones | 26x18 cm. |
| 500 ## - NOTA GENERAL | |
| Nota general | Schwarcz, R. L., Fescina, R. H. y Duverges, C. (2016). Obstetricia. (7a ed.). Buenos Aires : El Ateneo. |
| 653 ## - TÉRMINO INDIZADO - PALABRAS CLAVES | |
| Palabra clave | Anatomía de los órganos femeninos de la reproducción |
| 653 ## - TÉRMINO INDIZADO - PALABRAS CLAVES | |
| Palabra clave | Origen y desarrollo del embarazo |
| 653 ## - TÉRMINO INDIZADO - PALABRAS CLAVES | |
| Palabra clave | Móvil fetal y canal del parto |
| 653 ## - TÉRMINO INDIZADO - PALABRAS CLAVES | |
| Palabra clave | Modificaciones de la anatomía y fisiología maternas producidas por el embarazo |
| 653 ## - TÉRMINO INDIZADO - PALABRAS CLAVES | |
| Palabra clave | Examen de la mujer grávida |
| 653 ## - TÉRMINO INDIZADO - PALABRAS CLAVES | |
| Palabra clave | Alto riesgo materno-perinatal |
| 653 ## - TÉRMINO INDIZADO - PALABRAS CLAVES | |
| Palabra clave | Cuidado prenatal |
| 653 ## - TÉRMINO INDIZADO - PALABRAS CLAVES | |
| Palabra clave | Embarazo patológico |
| 653 ## - TÉRMINO INDIZADO - PALABRAS CLAVES | |
| Palabra clave | Enfermedades maternas inducidas por el embarazo o que lo complican |
| 653 ## - TÉRMINO INDIZADO - PALABRAS CLAVES | |
| Palabra clave | Inmunología perinatal |
| 653 ## - TÉRMINO INDIZADO - PALABRAS CLAVES | |
| Palabra clave | Parto normal |
| 653 ## - TÉRMINO INDIZADO - PALABRAS CLAVES | |
| Palabra clave | Parto patológico |
| 653 ## - TÉRMINO INDIZADO - PALABRAS CLAVES | |
| Palabra clave | Operaciones obstétricas |
| 700 1# - ENTRADAS SECUNDARIAS - NOMBRE PERSONAL | |
| Nombre personal | Fescina, Ricardo Horacio. |
| 9 (RLIN) | 1047 |
| 700 1# - ENTRADAS SECUNDARIAS - NOMBRE PERSONAL | |
| Nombre personal | Duverges, Carlos |
| 9 (RLIN) | 1048 |
| 942 ## - ADDED ENTRY ELEMENTS (KOHA) | |
| Source of classification or shelving scheme | Dewey Decimal Classification |
| Item type | Libros |
| Koha issues (borrowed), all copies | 3 |
| Estado de retiro | Existencia | Fuente de clasificación | Estado general | No para prestamo | Ubicación permanente | ubicación actual | Sala de ubicación | Fecha de adquisición | Fuente de adquisición | Total Checkouts | Total Renewals | Número de clasificación | Código de barras | Date last seen | Date last borrowed | Número de ejemplar | Price effective from | Koha tipo de elemento (item) | Public note | Coded location qualifier |
|---|---|---|---|---|---|---|---|---|---|---|---|---|---|---|---|---|---|---|---|---|
| Dewey Decimal Classification | Biblioteca Medicina | Biblioteca Medicina | Circulación | 18/02/2026 | Donación Castro, Verónica. Febrero 2026 | 1 | 1 | 618 77 SCH | 5144 | 18/05/2026 | 11/05/2026 | Ej. 13 | 19/02/2026 | Libros | Donación Castro, Verónica. Febrero 2026. Sede Tordos. |